|
|
|
|
| LEADER |
00000nam0a2200000 4500 |
| 001 |
183612 |
| 005 |
20231101223754.0 |
| 035 |
|
|
|a (RuTPU)RU\TPU\book\199052
|
| 090 |
|
|
|a 183612
|
| 100 |
|
|
|a 20100816d2008 m y0rusy50 ca
|
| 101 |
0 |
|
|a rus
|
| 102 |
|
|
|a RU
|
| 105 |
|
|
|a a j 001zy
|
| 200 |
1 |
|
|a Безопасность жизнедеятельности
|e учебное пособие
|f В. М. Гришагин, В. Я. Фарберов
|g Томский политехнический университет (ТПУ), Юргинский технологический институт (ЮТИ)
|
| 205 |
|
|
|a 4-е изд., испр. и доп.
|
| 210 |
|
|
|a Томск
|c Изд-во ТПУ
|d 2008
|
| 215 |
|
|
|a 347 с.
|c ил.
|
| 320 |
|
|
|a Библиогр.: с. 344.
|
| 330 |
|
|
|a Пособие позволяет систематизировать познания в области анатомо-физиологических свойств человека и его реакции на воздействие негативных факторов; комплексного представления об источниках, количестве и значимости травмирующих и вредных факторов среды обитания, принципов и методов качественного анализа опасностей; сформулировать общую стратегию и принципы обеспечения безопасности; подойти к разработке и применению средств защиты в негативных ситуациях с общих позиций. Может быть использовано студентами всех специальностей дневной, вечерней и заочной форм обучения, ориентированными на машиностроительное производство, как при изучении курса «Безопасность жизнедеятельности», так и при выполнении выпускных квалификационных работ в части, касающейся соответствующего раздела.
|
| 606 |
1 |
|
|a Безопасность жизнедеятельности
|2 stltpush
|3 (RuTPU)RU\TPU\subj\27856
|9 51540
|
| 610 |
1 |
|
|a теоретические основы
|
| 610 |
1 |
|
|a техносфера
|
| 610 |
1 |
|
|a человек
|
| 610 |
1 |
|
|a деятельность
|
| 610 |
1 |
|
|a формы
|
| 610 |
1 |
|
|a классификация
|
| 610 |
1 |
|
|a опасные воздействия
|
| 610 |
1 |
|
|a защита
|
| 610 |
1 |
|
|a чрезвычайные ситуации
|
| 610 |
1 |
|
|a среда обитания
|
| 610 |
1 |
|
|a мониторинг
|
| 610 |
1 |
|
|a управление
|
| 610 |
1 |
|
|a экономические основы
|
| 610 |
1 |
|
|a учебные пособия
|
| 610 |
1 |
|
|a труды учёных ТПУ
|
| 675 |
|
|
|a 614.8(075.8)
|v 3
|
| 700 |
|
1 |
|a Гришагин
|b В. М.
|c российский учёный в области экологии и безопасности жизнедеятельности
|c доцент Юргинского технологического института (филиал) Томского политехнического университета
|g Виктор Михайлович
|2 stltpush
|3 (RuTPU)RU\TPU\pers\24272
|
| 701 |
|
1 |
|a Фарберов
|b В. Я.
|c российский учёный в области экологии и безопасности жизнедеятельности
|c доцент Юргинского технологического института (филиал) Томского политехнического университета
|g Вячеслав Яковлевич
|2 stltpush
|3 (RuTPU)RU\TPU\pers\24284
|
| 712 |
0 |
2 |
|a Томский политехнический университет (ТПУ)
|b Юргинский технологический институт (ЮТИ)
|c (2003-2009)
|2 stltpush
|3 (RuTPU)RU\TPU\col\12451
|
| 801 |
|
1 |
|a RU
|b 63413507
|c 20100816
|
| 801 |
|
2 |
|a RU
|b 63413507
|c 20220505
|g RCR
|
| 942 |
|
|
|c BK
|